Countries of the World by last two letters in 2 minutes - Statistics

General Stats
  • This quiz has been taken 1,080 times
  • The average score is 155 of 196
Answers on the Map
Answers color-coded by a green-red scale on the quiz's map according to % correct below.
 
Answer Stats
Country % Correct
Albania
97%
Algeria
97%
Armenia
97%
Australia
97%
Austria
97%
Bolivia
97%
Bosnia and Herzegovina
97%
Bulgaria
97%
Cambodia
97%
Colombia
97%
Croatia
97%
Czechia
97%
Estonia
97%
Ethiopia
97%
Federated States of Micronesia
97%
Gambia
97%
Georgia
97%
India
97%
Indonesia
97%
Latvia
97%
Liberia
97%
Lithuania
97%
Malaysia
97%
Mauritania
97%
Mongolia
97%
Namibia
97%
Nigeria
97%
North Macedonia
97%
Romania
97%
Russia
97%
Saint Lucia
97%
Saudi Arabia
97%
Serbia
97%
Slovakia
97%
Slovenia
97%
Somalia
97%
Syria
97%
Tanzania
97%
Tunisia
97%
Zambia
97%
Argentina
96%
Azerbaijan
96%
Botswana
96%
China
96%
Ghana
96%
Guyana
96%
Jordan
96%
United States
96%
Antigua and Barbuda
95%
Canada
95%
Eswatini
95%
Grenada
95%
Rwanda
95%
Uganda
95%
Vatican City
95%
Afghanistan
94%
Bhutan
94%
Finland
94%
Iceland
94%
Iran
94%
Ireland
94%
Japan
94%
Kazakhstan
94%
Kyrgyzstan
94%
Netherlands
94%
New Zealand
94%
Oman
94%
Pakistan
94%
Poland
94%
South Sudan
94%
Sudan
94%
Switzerland
94%
Taiwan
94%
Tajikistan
94%
Thailand
94%
Turkmenistan
94%
Uzbekistan
94%
Mexico
93%
Monaco
93%
Morocco
93%
Liechtenstein
92%
Mauritius
92%
Myanmar
92%
Brazil
91%
Costa Rica
91%
Dominica
91%
Jamaica
91%
Norway
91%
Paraguay
91%
South Africa
91%
Uruguay
91%
Bahrain
90%
Benin
90%
Israel
90%
Spain
90%
Angola
89%
Guatemala
89%
Nepal
89%
Portugal
89%
Senegal
89%
Venezuela
89%
France
88%
Greece
88%
Sweden
88%
Yemen
88%
Maldives
85%
Philippines
85%
Seychelles
85%
United Arab Emirates
85%
Chile
84%
Equatorial Guinea
84%
Eritrea
84%
Guinea
84%
Nauru
84%
North Korea
84%
Papua New Guinea
84%
Peru
84%
South Korea
84%
Denmark
82%
Kenya
82%
Libya
82%
Madagascar
82%
Qatar
82%
Egypt
80%
Democratic Republic of the Congo
79%
Republic of the Congo
79%
Togo
79%
United Kingdom
79%
Sierra Leone
78%
Ukraine
78%
East Timor
77%
Germany
76%
Turkey
76%
Ecuador
75%
El Salvador
75%
Central African Republic
74%
Dominican Republic
74%
Belarus
73%
Cyprus
73%
Italy
73%
Cuba
71%
Palau
71%
Chad
70%
Trinidad and Tobago
70%
Djibouti
69%
Haiti
69%
Kiribati
69%
Panama
69%
Vietnam
68%
Bahamas
67%
Honduras
67%
Mali
65%
Barbados
64%
Comoros
64%
Iraq
64%
Laos
64%
São Tomé and Príncipe
64%
Suriname
64%
Nicaragua
63%
Mozambique
61%
Niger
61%
Cameroon
58%
Gabon
58%
Lebanon
58%
Belgium
54%
Marshall Islands
53%
Solomon Islands
53%
Sri Lanka
53%
Bangladesh
52%
Hungary
52%
Zimbabwe
52%
Belize
51%
Ivory Coast
49%
Malawi
47%
Burkina Faso
46%
Lesotho
46%
Moldova
45%
Saint Vincent and the Grenadines
43%
Cape Verde
41%
Guinea-Bissau
41%
Kosovo
38%
Montenegro
35%
Samoa
34%
Malta
33%
Fiji
32%
Andorra
31%
Tonga
31%
Burundi
28%
Vanuatu
28%
Kuwait
27%
Luxembourg
27%
Tuvalu
26%
Singapore
25%
San Marino
19%
Brunei
17%
Saint Kitts and Nevis
14%
No matching quizzes found
Score Distribution
Percent of People with Each Score
Percentile by Number Answered
Your Score History
You have not taken this quiz